[Event "4NCL Division 3 North"]
[Site "Wakefield, ENG"]
[Date "2018.03.17"]
[Round "7.56"]
[White "Holliday, John K"]
[Black "Scattergood, George J"]
[Result "1/2-1/2"]
[WhiteElo "1878"]
[BlackElo "1727"]
[PlyCount "61"]
[EventDate "2018.03.17"]
[WhiteTeam "Bradford DCA Knights B"]
[BlackTeam "Holmes Chapel"]

1. e4 e6 2. d4 d5 3. e5 c5 4. Nf3 Nc6 5. c3 Bd7 6. Be3 Qb6 7. Qb3 c4 8. Qxb6
axb6 9. Nbd2 Nge7 10. Be2 Nf5 11. O-O Be7 12. g4 Nxe3 13. fxe3 b5 14. e4 b4 15.
a3 bxc3 16. bxc3 O-O 17. Rfb1 Rfb8 18. Bxc4 dxc4 19. Nxc4 b5 20. Nd6 Na5 21. d5
Bxd6 22. exd6 Nc4 23. Nd4 exd5 24. exd5 Nxd6 25. Nc6 Bxc6 26. dxc6 Rc8 27. a4
bxa4 28. c7 Rxc7 29. Rd1 Ne4 30. Rxa4 Rac8 31. Rxe4 1/2-1/2

[Event "4NCL Division 3 North"]
[Site "Wakefield, ENG"]
[Date "2018.03.17"]
[Round "7.71"]
[White "Lancaric, Tomas"]
[Black "Walker, Andrew N"]
[Result "0-1"]
[WhiteElo "1892"]
[BlackElo "2039"]
[PlyCount "64"]
[EventDate "2018.03.17"]
[WhiteTeam "Castleford Roses"]
[BlackTeam "Ashfield-Breadsall 1"]

1. d4 f5 2. c4 Nf6 3. g3 e6 4. Bg2 Be7 5. Nc3 O-O 6. Nf3 d6 7. O-O Qe8 8. Re1
Qg6 9. e4 Nxe4 10. Nxe4 fxe4 11. Rxe4 Nc6 12. Qe2 Bf6 13. d5 exd5 14. cxd5 Ne5
15. Nd4 Bg4 16. f3 Bf5 17. Nxf5 Qxf5 18. g4 Qg6 19. f4 Nd7 20. g5 Nc5 21. gxf6
Nxe4 22. fxg7 Rfe8 23. Be3 Nf6 24. Qd2 Re7 25. f5 Qh5 26. Rf1 Rae8 27. Qc3 Ng4
28. Bf4 Qxf5 29. Bh6 Nxh6 30. Rxf5 Nxf5 31. Bh3 Re1+ 32. Kf2 R8e2+ 0-1

[Event "4NCL Division 3 North"]
[Site "Wakefield, ENG"]
[Date "2018.03.17"]
[Round "7.72"]
[White "Halfpenny, Glenn"]
[Black "Clarke, Michael"]
[Result "1-0"]
[WhiteElo "2065"]
[BlackElo "1952"]
[PlyCount "95"]
[EventDate "2018.03.17"]
[WhiteTeam "Ashfield-Breadsall 1"]
[BlackTeam "Castleford Roses"]

1. e4 g6 2. d4 Bg7 3. Nc3 d6 4. Be3 Nf6 5. f3 O-O 6. Qd2 b6 7. O-O-O c5 8. dxc5
bxc5 9. e5 Be6 10. exf6 Bxf6 11. Nd5 Bxd5 12. Qxd5 Nd7 13. c3 Qa5 14. Bc4 Rab8
15. Ne2 Nb6 16. Qe4 Qa4 17. Bb3 Qa6 18. c4 d5 19. Rxd5 Nxd5 20. Qxd5 Rxb3 21.
axb3 Qa1+ 22. Kd2 Qxh1 23. Bxc5 e6 24. Qe4 Rd8+ 25. Ke3 Qxg2 26. b4 Qxh2 27.
Bxa7 Qd6 28. Bd4 e5 29. Bc3 Bg7 30. c5 Qe6 31. Qb7 Bh6+ 32. Kf2 Bg7 33. Qc7 Rc8
34. Qb7 h5 35. Qe4 f5 36. Qb7 Qc6 37. Qxc6 Rxc6 38. f4 exf4 39. Bxg7 Kxg7 40.
Nd4 Ra6 41. c6 Ra2 42. c7 Rxb2+ 43. Kf3 Rxb4 44. c8=Q Rxd4 45. Qc3 g5 46. Qxd4+
Kg6 47. Qd6+ Kg7 48. Qe6 1-0

[Event "4NCL Division 3 North"]
[Site "Wakefield, ENG"]
[Date "2018.03.17"]
[Round "7.73"]
[White "Sucikova, Katarina"]
[Black "Combie, Alex B"]
[Result "0-1"]
[WhiteElo "1632"]
[BlackElo "1988"]
[PlyCount "108"]
[EventDate "2018.03.17"]
[WhiteTeam "Castleford Roses"]
[BlackTeam "Ashfield-Breadsall 1"]

1. e4 c5 2. Nf3 d6 3. d4 cxd4 4. Nxd4 Nf6 5. Nc3 a6 6. Be2 e5 7. Nb3 Be7 8. Be3
Be6 9. Nd5 Nbd7 10. Nxe7 Qxe7 11. f3 d5 12. exd5 Nxd5 13. Qd2 Nxe3 14. Qxe3
Bxb3 15. axb3 Qb4+ 16. Kf2 Qc5 17. Bd3 Qc7 18. Rhe1 O-O 19. Bf5 Rfe8 20. Bxd7
Qxd7 21. Ra4 Rad8 22. Re4 Qd2+ 23. Qxd2 Rxd2+ 24. R1e2 Rxe2+ 25. Kxe2 f6 26. f4
Kf7 27. f5 g6 28. Rh4 Kg7 29. g4 b5 30. Rh3 Rc8 31. c3 a5 32. Rd3 a4 33. Rd7+
Kh6 34. Rb7 a3 35. bxa3 Rxc3 36. Rxb5 Rc2+ 37. Kf3 Rxh2 38. a4 gxf5 39. gxf5
Kg5 40. Rb4 Ra2 41. Rb7 h5 42. Ke4 Re2+ 43. Kf3 Re1 44. a5 Ra1 45. Rb5 Kxf5 46.
b4 Ra3+ 47. Ke2 h4 48. Rd5 Ke4 49. Rd6 h3 50. Rxf6 h2 51. Rh6 Ra1 52. a6 h1=Q
53. Rxh1 Rxh1 54. a7 Ra1 0-1

[Event "4NCL Division 3 North"]
[Site "Wakefield, ENG"]
[Date "2018.03.17"]
[Round "7.74"]
[White "Garnett, John S"]
[Black "Ibraimov, Marat"]
[Result "1-0"]
[WhiteElo "1907"]
[BlackElo "1675"]
[PlyCount "119"]
[EventDate "2018.03.17"]
[WhiteTeam "Ashfield-Breadsall 1"]
[BlackTeam "Castleford Roses"]

1. d4 Nf6 2. Bg5 e6 3. e4 h6 4. Bxf6 Qxf6 5. c3 c5 6. Nf3 Nc6 7. e5 Qd8 8. d5
exd5 9. Qxd5 Be7 10. Bd3 d6 11. Bb5 Qc7 12. O-O Be6 13. exd6 Bxd6 14. Qe4 O-O-O
15. Nbd2 Ne5 16. b4 Nxf3+ 17. Nxf3 Bd5 18. Qf5+ Be6 19. Qe4 g5 20. Bc4 Bxc4 21.
Qxc4 f5 22. Qe6+ Qd7 23. Qxd7+ Rxd7 24. a3 Re8 25. Rfe1 Rde7 26. Rxe7 Rxe7 27.
Kf1 Kc7 28. h3 b6 29. Re1 Rxe1+ 30. Kxe1 Kc6 31. Kd2 Kb5 32. Kc2 Ka4 33. Kb2 a5
34. bxa5 Kxa5 35. Kb3 b5 36. c4 b4 37. axb4+ cxb4 38. Nd4 f4 39. Nc6+ Kb6 40.
Nxb4 Kc5 41. Nc2 Be5 42. Ne1 Bd4 43. Nd3+ Kc6 44. Kb4 h5 45. f3 Bf6 46. c5 Kd5
47. Kb5 Kd4 48. c6 Bd8 49. Nc5 Kd5 50. Ne4 g4 51. hxg4 hxg4 52. Nf6+ Ke6 53.
Nxg4 Bc7 54. Ka6 Kf5 55. Kb7 Bd6 56. c7 Bxc7 57. Kxc7 Kg5 58. Kd6 Kh4 59. Ke5
Kg3 60. Ke4 1-0

[Event "4NCL Division 3 North"]
[Site "Wakefield, ENG"]
[Date "2018.03.17"]
[Round "7.75"]
[White "Lodha, Aditya Dinesh"]
[Black "Somton, Anita"]
[Result "0-1"]
[WhiteElo "1600"]
[BlackElo "1967"]
[PlyCount "102"]
[EventDate "2018.03.17"]
[WhiteTeam "Castleford Roses"]
[BlackTeam "Ashfield-Breadsall 1"]

1. e4 c5 2. Nf3 Nc6 3. d4 cxd4 4. Nxd4 e5 5. Nb5 d6 6. N1c3 a6 7. Na3 Be6 8.
Bc4 b5 9. Bd5 Rc8 10. Bxe6 fxe6 11. Ne2 Nf6 12. Bg5 Qa5+ 13. Bd2 Qc7 14. Ng3
Be7 15. b4 O-O 16. c3 Kh8 17. Qb3 d5 18. Bg5 Nxe4 19. Nxe4 dxe4 20. Bxe7 Nxe7
21. Rc1 Qb6 22. O-O e3 23. Qb2 Ng6 24. c4 exf2+ 25. Rxf2 Qe3 26. Rcf1 Rxf2 27.
Rxf2 Rf8 28. Qd2 Qxa3 29. Rxf8+ Nxf8 30. c5 e4 31. c6 e3 32. Qe1 Qxa2 33. Qxe3
Qb1+ 34. Kf2 Qc2+ 35. Kg3 Qxc6 36. Qc5 Qa8 37. h4 Nd7 38. Qe7 Qb8+ 39. Kh3 Nb6
40. Kg4 e5 41. Kh5 Nd5 42. Qf7 Nf4+ 43. Kg4 Nxg2 44. Qe6 Ne3+ 45. Kh5 g6+ 46.
Kh6 Qf8+ 47. Kg5 Qd8+ 48. Kh6 Nf5+ 49. Qxf5 gxf5 50. Kh5 Qe8+ 51. Kh6 Qg6# 0-1

[Event "4NCL Division 3 North"]
[Site "Wakefield, ENG"]
[Date "2018.03.17"]
[Round "7.76"]
[White "Naylor, Michael A"]
[Black "Kluckova, Alzbeta"]
[Result "1-0"]
[WhiteElo "1982"]
[BlackElo "1127"]
[PlyCount "55"]
[EventDate "2018.03.17"]
[WhiteTeam "Ashfield-Breadsall 1"]
[BlackTeam "Castleford Roses"]

1. e4 e5 2. Nf3 Nf6 3. Nxe5 d6 4. Nf3 Nc6 5. Nc3 Be7 6. Be2 O-O 7. O-O d5 8. e5
Ne4 9. d4 Bf5 10. a3 f6 11. Bf4 fxe5 12. Bxe5 Bf6 13. Bxf6 Nxf6 14. Ne5 Ne7 15.
Bf3 c6 16. Re1 Re8 17. Qd2 Ng6 18. Rad1 Qd6 19. Nxg6 Bxg6 20. Ne2 Re7 21. Ng3
Rae8 22. Rxe7 Rxe7 23. c3 Ne4 24. Bxe4 Bxe4 25. Re1 Bg6 26. Re3 b5 27. Qe1 Qd8
28. Rxe7 1-0

[Event "4NCL Division 3 North"]
[Site "Wakefield, ENG"]
[Date "2018.03.17"]
[Round "7.81"]
[White "Rahulan, Thivyaa"]
[Black "Ukken, Somton"]
[Result "1-0"]
[WhiteElo "2020"]
[BlackElo "1884"]
[PlyCount "79"]
[EventDate "2018.03.17"]
[WhiteTeam "Manchester Manticores 2"]
[BlackTeam "Ashfield-Breadsall 2"]

1. e4 Nc6 2. Nf3 f5 3. d3 e5 4. Nc3 Nf6 5. Bd2 Bc5 6. h3 d5 7. Bg5 Bb4 8. exd5
Qxd5 9. a3 Bxc3+ 10. bxc3 O-O 11. Be2 Qa5 12. Bd2 Qc5 13. O-O Qe7 14. Re1 Be6
15. Bf1 Qd6 16. Nxe5 Bd5 17. Nxc6 Qxc6 18. c4 Bf7 19. Be2 Qd7 20. Bf3 c6 21.
Bc3 Ne8 22. Qd2 Rd8 23. Qg5 Bg6 24. Re7 Qc8 25. Rae1 Rd7 26. Qe3 Nf6 27. Rxd7
Nxd7 28. Qd4 Rf7 29. Qd6 Qd8 30. Qe6 Kf8 31. Bb4+ c5 32. Qd6+ Kg8 33. Bxc5 b6
34. Bd4 Qf8 35. Qxf8+ Rxf8 36. Bd5+ Bf7 37. Re7 Nf6 38. Bxf6 gxf6 39. Rxf7 Rxf7
40. d4 1-0

[Event "4NCL Division 3 North"]
[Site "Wakefield, ENG"]
[Date "2018.03.17"]
[Round "7.82"]
[White "Flynn, David"]
[Black "Timson, Paul F"]
[Result "1/2-1/2"]
[WhiteElo "1859"]
[BlackElo "1952"]
[PlyCount "54"]
[EventDate "2018.03.17"]
[WhiteTeam "Ashfield-Breadsall 2"]
[BlackTeam "Manchester Manticores 2"]

1. e4 c5 2. c3 Nf6 3. e5 Nd5 4. Nf3 Nc6 5. Bc4 e6 6. Bxd5 exd5 7. d4 d6 8. O-O
dxe5 9. Nxe5 Nxe5 10. Re1 Be7 11. Rxe5 Be6 12. dxc5 Bxc5 13. Nd2 O-O 14. Nf3
Bd6 15. Re1 Bg4 16. Be3 Re8 17. h3 Bh5 18. Kf1 Bc7 19. Bc5 Rxe1+ 20. Kxe1 Qd7
21. Qd3 Re8+ 22. Kd1 Bxf3+ 23. gxf3 Qxh3 24. Kc2 Qe6 25. Be3 Qg6 26. Qxg6 hxg6
27. Rd1 Rd8 1/2-1/2

[Event "4NCL Division 3 North"]
[Site "Wakefield, ENG"]
[Date "2018.03.17"]
[Round "7.83"]
[White "Webster, Richard J"]
[Black "Taylor, Robert P"]
[Result "1-0"]
[WhiteElo "1982"]
[BlackElo "1793"]
[PlyCount "65"]
[EventDate "2018.03.17"]
[WhiteTeam "Manchester Manticores 2"]
[BlackTeam "Ashfield-Breadsall 2"]

1. d4 d5 2. c4 e6 3. Nc3 Nf6 4. cxd5 exd5 5. Bg5 c6 6. Qc2 Be7 7. e3 Nbd7 8.
Bd3 h6 9. Bh4 O-O 10. f3 Re8 11. Nge2 Nh5 12. Bf2 Bg5 13. g4 Nhf6 14. f4 Nxg4
15. fxg5 Qxg5 16. Rg1 Nxe3 17. Qd2 Ng2+ 18. Kd1 Ne3+ 19. Kc1 Qe7 20. Nd1 Nxd1
21. Qxh6 Qf6 22. Qh7+ Kf8 23. Bh4 Qh6+ 24. Qxh6 gxh6 25. Bh7 f6 26. Rg8+ Kf7
27. Rxe8 Kxe8 28. Kxd1 Nf8 29. Bd3 Kf7 30. Nf4 Bg4+ 31. Kd2 Ne6 32. Nxe6 Kxe6
33. Re1+ 1-0

[Event "4NCL Division 3 North"]
[Site "Wakefield, ENG"]
[Date "2018.03.17"]
[Round "7.84"]
[White "Graham, Neil"]
[Black "Jaques, Andrew"]
[Result "1/2-1/2"]
[WhiteElo "1780"]
[BlackElo "1990"]
[PlyCount "87"]
[EventDate "2018.03.17"]
[WhiteTeam "Ashfield-Breadsall 2"]
[BlackTeam "Manchester Manticores 2"]

1. d4 Nf6 2. f3 g6 3. e4 d6 4. Be3 Bg7 5. Bd3 e5 6. dxe5 dxe5 7. Ne2 Nc6 8. Nd2
O-O 9. O-O b6 10. a3 Bb7 11. Qe1 Nh5 12. Ng3 Nf4 13. Bc4 Qg5 14. Rf2 h5 15. Kh1
h4 16. Ngf1 Qh5 17. Bxf4 exf4 18. c3 Ne5 19. Be2 Rad8 20. Nb3 Bf6 21. h3 Nd3
22. Bxd3 Rxd3 23. Rd1 Bxe4 24. Rxd3 Bxd3 25. Nh2 Bg7 26. Nc1 Ba6 27. Ne2 Re8
28. Qd2 Bxe2 29. Rxe2 Rxe2 30. Qxe2 Qe5 31. Qd2 f5 32. Qd8+ Kf7 33. Qd1 Qb5 34.
a4 Qxb2 35. Qd5+ Ke7 36. Nf1 Qxc3 37. Kh2 Qd4 38. Qa2 Qd1 39. Qc4 Bd4 40. Qxc7+
Kf8 41. Qd8+ Kg7 42. Qe7+ Kg8 43. Qd8+ Kf7 44. Qd7+ 1/2-1/2

[Event "4NCL Division 3 North"]
[Site "Wakefield, ENG"]
[Date "2018.03.17"]
[Round "7.85"]
[White "Reed, John"]
[Black "Hill, Maurice J"]
[Result "1-0"]
[WhiteElo "2005"]
[BlackElo "1785"]
[PlyCount "97"]
[EventDate "2018.03.17"]
[WhiteTeam "Manchester Manticores 2"]
[BlackTeam "Ashfield-Breadsall 2"]

1. d4 Nf6 2. c4 g6 3. Nc3 d5 4. e3 Bg7 5. Nf3 O-O 6. cxd5 Nxd5 7. Bc4 Nb6 8.
Bb3 Bg4 9. h3 Bd7 10. O-O Na6 11. e4 c5 12. d5 Rc8 13. Bg5 Qe8 14. Qd2 f6 15.
Be3 Na4 16. Ne2 e5 17. Nc3 Nxc3 18. bxc3 c4 19. Bc2 b6 20. Qe2 Ba4 21. Rfd1 Rf7
22. Ne1 Bf8 23. h4 Bxc2 24. Nxc2 Bd6 25. h5 g5 26. a4 Qd7 27. a5 b5 28. f3 Nc5
29. Nb4 Nb3 30. Ra2 Bxb4 31. cxb4 Qd6 32. g3 Qxb4 33. f4 h6 34. Qg4 Rd8 35. Qf5
Qf8 36. Rf2 c3 37. Rdf1 Nd4 38. Bxd4 exd4 39. fxg5 hxg5 40. h6 d3 41. Qg6+ Kh8
42. Rxf6 Rxf6 43. Rxf6 Qg8 44. Qf5 d2 45. Qe5 Re8 46. Qxc3 Kh7 47. Qxd2 Re5 48.
Qd4 Qe8 49. Rf5 1-0

[Event "4NCL Division 3 North"]
[Site "Wakefield, ENG"]
[Date "2018.03.17"]
[Round "7.86"]
[White "Lavelle, Terry"]
[Black "Trueman, Glenn"]
[Result "1/2-1/2"]
[WhiteElo "1558"]
[BlackElo "1930"]
[PlyCount "104"]
[EventDate "2018.03.17"]
[WhiteTeam "Ashfield-Breadsall 2"]
[BlackTeam "Manchester Manticores 2"]

1. e4 c5 2. Nf3 Nf6 3. Nc3 e6 4. g3 Nc6 5. Bg2 d5 6. exd5 Nxd5 7. O-O Be7 8.
Ne2 e5 9. d3 O-O 10. a3 Bg4 11. Nd2 Nd4 12. Re1 Nxe2+ 13. Rxe2 Bxe2 14. Qxe2
Rb8 15. Qxe5 Nf6 16. Ne4 Nxe4 17. Bxe4 b6 18. Qh5 g6 19. Qe2 Bg5 20. f4 Bf6 21.
c3 Bg7 22. Bd2 f5 23. Bc6 Qd6 24. Ba4 Rfd8 25. Bc2 Re8 26. Qf3 b5 27. Re1 Rxe1+
28. Bxe1 Re8 29. Bf2 a6 30. Kf1 b4 31. axb4 cxb4 32. Bb3+ Kh8 33. d4 bxc3 34.
bxc3 Rb8 35. Bd1 h6 36. h4 h5 37. Qd3 Qa3 38. Qc4 Qc1 39. Qd3 Rb1 40. Ke1 Rb3
41. Be3 Qxc3+ 42. Qxc3 Rxc3 43. Kd2 Rc8 44. Bb3 Bf6 45. Kd3 Kg7 46. Bd2 Bd8 47.
Be6 Rb8 48. Kc4 a5 49. d5 a4 50. Bb4 Kf6 51. Bc3+ Ke7 52. Bb4+ Kf6 1/2-1/2

[Event "4NCL Division 3 North"]
[Site "Wakefield, ENG"]
[Date "2018.03.17"]
[Round "7.91"]
[White "Denisov, Seny D"]
[Black "Lewis, Christopher D"]
[Result "0-1"]
[WhiteElo "1907"]
[BlackElo "1892"]
[PlyCount "56"]
[EventDate "2018.03.17"]
[WhiteTeam "3Cs 3"]
[BlackTeam "Shropshire 2"]

1. e4 c6 2. d4 d5 3. e5 c5 4. Nf3 Nc6 5. c3 cxd4 6. cxd4 Bg4 7. Bb5 e6 8. h3
Bxf3 9. Qxf3 Qb6 10. Qd3 Nge7 11. O-O Nf5 12. Rd1 Nfxd4 13. Ba4 Nf5 14. Nc3 Bc5
15. Nxd5 Bxf2+ 16. Kh2 Qa5 17. Qc2 Bg3+ 18. Kg1 O-O 19. Bxc6 bxc6 20. b4 Qa6
21. Ne3 Qb6 22. Qc3 Rad8 23. Rf1 Rd5 24. Kh1 Bxe5 25. Nxd5 Bxc3 26. Nxb6 Ng3+
27. Kg1 Bxa1 28. Nd7 Bd4+ 0-1

[Event "4NCL Division 3 North"]
[Site "Wakefield, ENG"]
[Date "2018.03.17"]
[Round "7.92"]
[White "Sheard, Martin"]
[Black "Darwen, David"]
[Result "1-0"]
[WhiteElo "1900"]
[BlackElo "1937"]
[Annotator "Barnes,Lara"]
[PlyCount "65"]
[EventDate "2018.03.17"]
[WhiteTeam "Shropshire 2"]
[BlackTeam "3Cs 3"]

1. Nf3 d5 2. d4 Nf6 3. c4 c6 4. e3 Bf5 5. Nc3 e6 6. Nh4 Bg6 7. Nxg6 hxg6 8. Bd3
Qc7 9. h3 Nbd7 10. Bd2 Be7 11. Qe2 O-O 12. O-O dxc4 13. Bxc4 e5 14. Qd3 Rad8
15. Qxg6 Nb6 16. Bb3 c5 17. Qf5 c4 18. Bc2 exd4 19. Nb5 Qc5 20. Nxd4 Rd5 21.
Qf3 Nbd7 22. Bc3 b5 23. a3 Ne5 24. Qe2 Qb6 25. Bb4 Bc5 26. Bxc5 Qxc5 27. Rfd1
Rfd8 28. Nf3 Nd3 29. Bxd3 cxd3 30. Qe1 Ne4 31. Qb4 Qc4 32. Rac1 Qxb4 33. axb4 {
time} 1-0

[Event "4NCL Division 3 North"]
[Site "Wakefield, ENG"]
[Date "2018.03.17"]
[Round "7.93"]
[White "Ye, Kevin"]
[Black "Hinchcliffe, Gary"]
[Result "1-0"]
[WhiteElo "1832"]
[BlackElo "1892"]
[PlyCount "41"]
[EventDate "2018.03.17"]
[WhiteTeam "3Cs 3"]
[BlackTeam "Shropshire 2"]

1. e4 e6 2. d4 d5 3. exd5 exd5 4. c4 Nf6 5. Nc3 Be7 6. Bd3 c6 7. Nf3 Bg4 8. Be3
Nbd7 9. h3 Bh5 10. O-O Bg6 11. Bxg6 hxg6 12. c5 Qc7 13. Qd2 Nh5 14. b4 b5 15.
a4 bxa4 16. Rxa4 O-O 17. Qa2 Rfb8 18. b5 Rb7 19. bxc6 Qxc6 20. Nxd5 Bf8 21. Ra6
1-0

[Event "4NCL Division 3 North"]
[Site "Wakefield, ENG"]
[Date "2018.03.17"]
[Round "7.94"]
[White "Ross, Stuart"]
[Black "Harman, George"]
[Result "1-0"]
[WhiteElo "1675"]
[BlackElo "1750"]
[PlyCount "77"]
[EventDate "2018.03.17"]
[WhiteTeam "Shropshire 2"]
[BlackTeam "3Cs 3"]

1. e4 c5 2. Nf3 Nc6 3. d4 cxd4 4. Nxd4 g6 5. Nc3 Bg7 6. Be3 Nf6 7. Bc4 Qa5 8.
Nxc6 bxc6 9. Qd2 Qb4 10. Bd3 O-O 11. Rb1 Ng4 12. Bf4 d6 13. O-O Qa5 14. a3 h5
15. h3 Ne5 16. Be2 Bd7 17. Bh6 Qb6 18. Bxg7 Kxg7 19. Kh1 h4 20. f4 Ng4 21. Bxg4
Bxg4 22. hxg4 Rh8 23. Kh2 Qc5 24. Ne2 f6 25. Nd4 Kf7 26. Qb4 Qxb4 27. axb4 Rab8
28. c3 c5 29. Nc2 cxb4 30. Nxb4 Rbc8 31. Ra1 Rc4 32. e5 dxe5 33. fxe5 Rxg4 34.
exf6 exf6 35. Rxa7+ Ke6 36. Ra6+ Ke5 37. Re1+ Kf5 38. Ra5+ Kf4 39. Nd3# 1-0

[Event "4NCL Division 3 North"]
[Site "Wakefield, ENG"]
[Date "2018.03.17"]
[Round "7.95"]
[White "Denisov, Denis"]
[Black "Peck, Windsor W A"]
[Result "1-0"]
[WhiteElo "1712"]
[BlackElo "1555"]
[PlyCount "99"]
[EventDate "2018.03.17"]
[WhiteTeam "3Cs 3"]
[BlackTeam "Shropshire 2"]

1. e4 e6 2. d4 d5 3. e5 c5 4. c3 Nc6 5. Nf3 Bd7 6. Bd3 Qb6 7. Bc2 cxd4 8. cxd4
f6 9. O-O fxe5 10. dxe5 Nge7 11. Nc3 a6 12. a3 Qc7 13. Re1 Rc8 14. Bf4 Na5 15.
Nd2 Nc4 16. Nxc4 Qxc4 17. Be3 Qc7 18. f4 g6 19. Rc1 Bg7 20. Na4 Bxa4 21. Bxa4+
Nc6 22. Qg4 Qf7 23. Bc5 Qf5 24. Qxf5 gxf5 25. b4 Kf7 26. Bb6 Nb8 27. Kf2 Rhg8
28. g3 h5 29. h4 Bh6 30. Bc7 b5 31. Bxb8 Rxb8 32. Rc7+ Kg6 33. Bb3 Rgc8 34.
Rec1 Rxc7 35. Rxc7 Rb6 36. Ke3 Bf8 37. Rc8 Kf7 38. Bd1 Kg6 39. Rxf8 Rc6 40.
Rf6+ Kg7 41. Kd2 Rc4 42. Bxh5 Rd4+ 43. Ke3 Re4+ 44. Kf2 d4 45. Rxe6 d3 46. Rd6
Rc4 47. Rxd3 Rc2+ 48. Be2 Ra2 49. h5 Kh7 50. e6 1-0

[Event "4NCL Division 3 North"]
[Site "Wakefield, ENG"]
[Date "2018.03.17"]
[Round "7.101"]
[White "Bramson, Mike"]
[Black "Potter, Steven"]
[Result "1/2-1/2"]
[WhiteElo "1844"]
[BlackElo "1840"]
[PlyCount "137"]
[EventDate "2018.03.17"]
[WhiteTeam "Bradford DCA Knights C"]
[BlackTeam "Manchester Manticores 4"]

1. e4 e6 2. d4 b6 3. Bd3 Bb7 4. Nf3 c5 5. d5 exd5 6. exd5 Bxd5 7. Nc3 Be6 8.
Bf4 Nf6 9. Qe2 Be7 10. Ng5 O-O 11. Nce4 Nxe4 12. Nxe6 fxe6 13. Qxe4 Rxf4 14.
Qxf4 Nc6 15. h4 d5 16. O-O-O Bf6 17. Qg4 Qd6 18. Rhe1 Ne5 19. Qh5 g6 20. Qe2 c4
21. Bxc4 Rc8 22. Bb3 a5 23. f4 Nc4 24. Qxe6+ Qxe6 25. Rxe6 Bxb2+ 26. Kb1 Kf7
27. Bxc4 dxc4 28. Rxb6 c3 29. Rd7+ Kg8 30. Rxb2 cxb2 31. Kxb2 Rc4 32. g3 h6 33.
Kb3 Rb4+ 34. Ka3 Rc4 35. Kb2 g5 36. hxg5 hxg5 37. fxg5 Rg4 38. Rd5 a4 39. c3
Rxg3 40. Ra5 Kf7 41. Rxa4 Rxg5 42. Re4 Rb5+ 43. Kc2 Kf6 44. a4 Rb8 45. Kd3 Rd8+
46. Kc4 Kf5 47. Re1 Rc8+ 48. Kb3 Rb8+ 49. Ka3 Rc8 50. Re3 Kf4 51. Rh3 Ke5 52.
a5 Kd5 53. Kb4 Rb8+ 54. Ka4 Kc5 55. Rh5+ Kc6 56. a6 Rb1 57. c4 Ra1+ 58. Kb4
Rb1+ 59. Kc3 Ra1 60. Rh6+ Kc5 61. Kb2 Ra4 62. Kb3 Ra1 63. Rh2 Rxa6 64. Rh5+ Kc6
65. Rh6+ Kb7 66. Rxa6 Kxa6 67. Kb4 Kb6 68. c5+ Kc6 69. Kc4 1/2-1/2

[Event "4NCL Division 3 North"]
[Site "Wakefield, ENG"]
[Date "2018.03.17"]
[Round "7.102"]
[White "Livesey, R Nigel"]
[Black "Johnson, Paul A"]
[Result "1/2-1/2"]
[WhiteElo "1780"]
[BlackElo "1830"]
[PlyCount "102"]
[EventDate "2018.03.17"]
[WhiteTeam "Manchester Manticores 4"]
[BlackTeam "Bradford DCA Knights C"]

1. c4 e5 2. g3 Nf6 3. Bg2 Nc6 4. Nc3 Bb4 5. Nd5 a5 6. Nxb4 axb4 7. Nf3 O-O 8.
O-O Qe7 9. d3 d6 10. Qb3 Nd4 11. Nxd4 exd4 12. Re1 c5 13. a3 h6 14. Bd2 bxa3
15. Rxa3 Rxa3 16. bxa3 Qc7 17. Rb1 Re8 18. Bf3 Re7 19. Qb6 Qxb6 20. Rxb6 Rd7
21. Rb2 g5 22. Kf1 Kg7 23. Rb5 Re7 24. Rb6 Ne8 25. Rb2 Kg6 26. Ba5 f5 27. Bb6
Nc7 28. Bxc7 Rxc7 29. Rb6 Rd7 30. g4 Kf6 31. gxf5 Kxf5 32. h3 Ke5 33. Bg4 Rc7
34. Bxc8 Rxc8 35. Rxb7 Ra8 36. Rh7 Rxa3 37. Rxh6 Ra6 38. Kg2 Kf5 39. Kg3 Rb6
40. Rh5 Kf6 41. Kf3 Rb1 42. Ke4 Kg6 43. Rh8 Rb2 44. e3 Rxf2 45. exd4 Rf4+ 46.
Ke3 cxd4+ 47. Ke2 Rf6 48. Rg8+ Kh5 49. Rh8+ Kg6 50. Rg8+ Kh5 51. Rh8+ Kg6
1/2-1/2

[Event "4NCL Division 3 North"]
[Site "Wakefield, ENG"]
[Date "2018.03.17"]
[Round "7.103"]
[White "Clarke, Paul Rh"]
[Black "Pardoe, David"]
[Result "1/2-1/2"]
[WhiteElo "1734"]
[BlackElo "1765"]
[PlyCount "76"]
[EventDate "2018.03.17"]
[WhiteTeam "Bradford DCA Knights C"]
[BlackTeam "Manchester Manticores 4"]

1. d4 Nf6 2. Bf4 e6 3. e3 d5 4. Nd2 Bd6 5. Bg3 b6 6. Ngf3 Bxg3 7. hxg3 Bb7 8.
Bd3 c5 9. c3 h6 10. Ne5 Nbd7 11. Bb5 a6 12. Bxd7+ Nxd7 13. Nxd7 Qxd7 14. a4 a5
15. O-O O-O 16. f4 Rac8 17. Nf3 f6 18. Qb3 Qc7 19. Rf2 Ba6 20. Qd1 Kh7 21. Qc2+
g6 22. Nh4 Qg7 23. Rd1 h5 24. e4 Bb7 25. e5 cxd4 26. Rxd4 Rc4 27. Rxc4 dxc4 28.
exf6 Qxf6 29. Nf3 Rd8 30. Ng5+ Kg7 31. Rd2 Bd5 32. Qd1 Rb8 33. Qe1 b5 34. axb5
Rxb5 35. Re2 Rb6 36. Qf2 Ra6 37. Qc5 Qd8 38. Rd2 Qb6 1/2-1/2

[Event "4NCL Division 3 North"]
[Site "Wakefield, ENG"]
[Date "2018.03.17"]
[Round "7.104"]
[White "Newell, David F"]
[Black "Mahoney, Nicholas"]
[Result "1/2-1/2"]
[WhiteElo "1772"]
[BlackElo "1704"]
[PlyCount "77"]
[EventDate "2018.03.17"]
[WhiteTeam "Manchester Manticores 4"]
[BlackTeam "Bradford DCA Knights C"]

1. Nf3 g6 2. g3 c5 3. c4 Nc6 4. Bg2 Bg7 5. Nc3 d6 6. O-O e5 7. d3 Nge7 8. e3
O-O 9. Ne1 Be6 10. Nd5 Qd7 11. Nc2 Rab8 12. Rb1 b5 13. b3 a6 14. Bd2 b4 15. Bc1
a5 16. Bb2 Bh3 17. Nxe7+ Nxe7 18. d4 Bxg2 19. Kxg2 Qc6+ 20. d5 Qd7 21. e4 f5
22. f3 fxe4 23. fxe4 Rxf1 24. Qxf1 Rf8 25. Qe2 Bh6 26. Ne3 Bxe3 27. Qxe3 Qg4
28. Ra1 g5 29. h3 Qh5 30. a3 g4 31. hxg4 Qxg4 32. Rf1 Rxf1 33. Kxf1 Qd1+ 34.
Kf2 Qc2+ 35. Qe2 Qxb3 36. axb4 axb4 37. Qg4+ Ng6 38. Qe6+ Kg7 39. Qd7+ 1/2-1/2

[Event "4NCL Division 3 North"]
[Site "Wakefield, ENG"]
[Date "2018.03.17"]
[Round "7.105"]
[White "Tait, Bill"]
[Black "Bridgeman, Niamh"]
[Result "1-0"]
[WhiteElo "1690"]
[BlackElo "1697"]
[PlyCount "139"]
[EventDate "2018.03.17"]
[WhiteTeam "Bradford DCA Knights C"]
[BlackTeam "Manchester Manticores 4"]

1. e4 e6 2. d4 d5 3. exd5 exd5 4. Bd3 Bd6 5. Ne2 c6 6. c3 Ne7 7. Bf4 Bf5 8. O-O
O-O 9. Re1 Re8 10. Bxd6 Qxd6 11. Ng3 Bxd3 12. Qxd3 Nd7 13. Nd2 Nf6 14. Nf3 Ng6
15. Qc2 Qc7 16. h3 h6 17. a3 a5 18. a4 Rab8 19. b4 axb4 20. cxb4 Ra8 21. b5 Qb6
22. Rxe8+ Rxe8 23. bxc6 Qxc6 24. Qxc6 bxc6 25. Nf5 Nf4 26. a5 Kf8 27. a6 Ne2+
28. Kf1 Nc3 29. Nd6 Ra8 30. Ne5 Nb5 31. Nxb5 cxb5 32. Nc6 Nd7 33. a7 Nb6 34.
Ra5 Nc8 35. Rxb5 Nxa7 36. Ra5 Nxc6 37. Rxa8+ Ke7 38. Ra4 Ke6 39. Ke2 Kf5 40.
Ke3 f6 41. Ra8 Kg6 42. Rc8 Ne7 43. Rd8 Kf7 44. g4 Kg6 45. Rd7 Kf7 46. h4 Ke8
47. Ra7 Kf7 48. h5 Ke6 49. Ra8 Kf7 50. Ra7 Ke6 51. f3 Kf7 52. f4 Ke6 53. f5+
Kf7 54. Kd3 Kf8 55. Kc3 Ke8 56. Ra6 Kf8 57. Kb4 Ke8 58. Kc5 Kd7 59. Ra7+ Ke8
60. Rxe7+ Kxe7 61. Kxd5 Kd7 62. Kc5 Kc7 63. d5 g5 64. hxg6 h5 65. gxh5 Kd7 66.
g7 Ke7 67. g8=Q Kd7 68. Qg7+ Ke8 69. Kd6 Kd8 70. Qd7# 1-0

[Event "4NCL Division 3 North"]
[Site "Wakefield, ENG"]
[Date "2018.03.17"]
[Round "7.106"]
[White "Bridgeman, Matthew"]
[Black "Grobler, David"]
[Result "1-0"]
[WhiteElo "1727"]
[BlackElo "1679"]
[PlyCount "49"]
[EventDate "2018.03.17"]
[WhiteTeam "Manchester Manticores 4"]
[BlackTeam "Bradford DCA Knights C"]

1. e4 c5 2. Be2 Nc6 3. f4 g6 4. Nf3 Bg7 5. d3 d6 6. O-O Nf6 7. Qe1 O-O 8. Qh4
Nd4 9. Bd1 Nxf3+ 10. Bxf3 Rb8 11. c3 b5 12. d4 Bb7 13. e5 Bxf3 14. Rxf3 dxe5
15. fxe5 Ne8 16. Bh6 cxd4 17. Rh3 f6 18. e6 f5 19. Bxg7 Kxg7 20. Qh6+ Kf6 21.
Qxf8+ Kxe6 22. Rxh7 dxc3 23. Nxc3 Qb6+ 24. Kh1 Qc5 25. Re1+ 1-0